Race and ethnicity in the United States: issues and debates
| Otros Autores: | |
|---|---|
| Tipo de documento: | Print Libro |
| Lenguaje: | Inglés |
| Publicado: |
Malden, Mass. [u.a.]
Blackwell
2000
|
| En: | Año: 2000 |
| Acceso en línea: |
Índice Índice |
| Disponibilidad en Tübingen: | Disponible en Tübingen. UB: KB 19 A 8246 |
| Verificar disponibilidad: | HBZ Gateway |
| Servicio de pedido Subito: | Pedir ahora. |
| Palabras clave: |
MARC
| LEADER | 00000cam a2200000 c 4500 | ||
|---|---|---|---|
| 001 | 270759204 | ||
| 003 | DE-627 | ||
| 005 | 20260206192813.0 | ||
| 007 | tu | ||
| 008 | 990622s2000 xxu||||| 00| ||eng c | ||
| 010 | |a 99016129 | ||
| 020 | |a 0631208305 |c alk. paper |9 0-631-20830-5 | ||
| 020 | |a 0631208313 |c pbk. : alk. paper |9 0-631-20831-3 | ||
| 024 | 3 | |a 9780631208310 | |
| 035 | |a (DE-627)270759204 | ||
| 035 | |a (DE-603)102148848 | ||
| 035 | |a (DE-576)086596098 | ||
| 035 | |a (DE-599)GBV270759204 | ||
| 035 | |a (OCoLC)246080419 | ||
| 035 | |a (OCoLC)41476705 | ||
| 035 | |a (OCoLC)57657889 | ||
| 040 | |a DE-627 |b ger |c DE-627 |e rakwb | ||
| 041 | |a eng | ||
| 044 | |c XD-US |c XA-GB | ||
| 050 | 0 | |a E184.A1 | |
| 050 | 0 | |a E184.A1R247 2000 | |
| 082 | 0 | |a 305.8/00973 | |
| 082 | 0 | |a 305.800973 | |
| 084 | |a 7,26 |2 ssgn | ||
| 084 | |a LB 48610 |2 rvk |0 (DE-625)rvk/90563:983 | ||
| 084 | |a MS 3530 |2 rvk |0 (DE-625)rvk/123683: | ||
| 084 | |a 15.87 |2 bkl | ||
| 245 | 0 | 0 | |a Race and ethnicity in the United States |b issues and debates |c ed. by Stephen Steinberg |
| 264 | 1 | |a Malden, Mass. [u.a.] |b Blackwell |c 2000 | |
| 300 | |a XVII, 342 S | ||
| 336 | |a Text |b txt |2 rdacontent | ||
| 337 | |a ohne Hilfsmittel zu benutzen |b n |2 rdamedia | ||
| 338 | |a Band |b nc |2 rdacarrier | ||
| 500 | |a Literaturangaben | ||
| 583 | 1 | |a Archivierung prüfen |c 20200919 |f DE-640 |z 2 |2 pdager | |
| 583 | 1 | |a Archivierung prüfen |c 20240324 |f DE-4165 |z 3 |2 pdager | |
| 650 | 0 | 7 | |0 (DE-588)4220764-2 |0 (DE-627)10459148X |0 (DE-576)210267585 |a Ethnizität |2 gnd |
| 650 | 0 | 7 | |0 (DE-588)4176973-9 |0 (DE-627)105352160 |0 (DE-576)209974257 |a Ethnische Beziehungen |2 gnd |
| 651 | 0 | |a United States |x Race relations | |
| 651 | 0 | |a United States |x Ethnic relations | |
| 651 | 7 | |0 (DE-588)4078704-7 |0 (DE-627)106076612 |0 (DE-576)209209682 |a Usa |2 gnd | |
| 653 | 0 | |a United States |a Race relations | |
| 653 | 0 | |a United States |a Ethnic relations | |
| 655 | 7 | |a Aufsatzsammlung |0 (DE-588)4143413-4 |0 (DE-627)105605727 |0 (DE-576)209726091 |2 gnd-content | |
| 689 | 0 | 0 | |d g |0 (DE-588)4078704-7 |0 (DE-627)106076612 |0 (DE-576)209209682 |a USA |2 gnd |
| 689 | 0 | 1 | |d s |0 (DE-588)4220764-2 |0 (DE-627)10459148X |0 (DE-576)210267585 |a Ethnizität |2 gnd |
| 689 | 0 | 2 | |d s |0 (DE-588)4176973-9 |0 (DE-627)105352160 |0 (DE-576)209974257 |a Ethnische Beziehungen |2 gnd |
| 689 | 0 | |5 (DE-627) | |
| 700 | 1 | |a Steinberg, Stephen |d 1940- |e Hrsg. |0 (DE-588)136735592 |0 (DE-627)694619272 |0 (DE-576)163179026 |4 edt | |
| 856 | 4 | 2 | |u https://swbplus.bsz-bw.de/bsz086596098inh.htm |m V:DE-576 |v 2008-09-09 |3 Inhaltsverzeichnis |7 1 |
| 856 | 4 | 2 | |u http://scans.hebis.de/HEBCGI/show.pl?10214884_toc.pdf |m V:DE-576 |q application/pdf |3 Inhaltsverzeichnis |7 1 |
| 935 | |a MZUSA | ||
| 935 | |i Blocktest | ||
| 936 | r | v | |a LB 48610 |b USA |k Sozial- und Kulturanthropologie. Empirische Kulturwissenschaft |k Soziale und politische Organisation und Praxis |k Ethnische Gruppen, Ethnizität, multikulturelle Gesellschaft |k Amerika |k Nordamerika |k USA |0 (DE-627)1271183749 |0 (DE-625)rvk/90563:983 |0 (DE-576)201183749 |
| 936 | r | v | |a MS 3530 |b Rassismus |k Soziologie |k Spezielle Soziologien |k Soziologie der Minoritäten und Randgruppen |k Rassismus |0 (DE-627)1271103672 |0 (DE-625)rvk/123683: |0 (DE-576)201103672 |
| 936 | b | k | |a 15.87 |j USA |x Geschichte |0 (DE-627)181569760 |
| 936 | s | n | |a m200 |2 mzub |
| 951 | |a BO | ||
| ELC | |b 1 | ||
| LOK | |0 000 xxxxxcx a22 zn 4500 | ||
| LOK | |0 001 3166915575 | ||
| LOK | |0 003 DE-627 | ||
| LOK | |0 004 270759204 | ||
| LOK | |0 005 20020416000000 | ||
| LOK | |0 008 000815||||||||||||||||ger||||||| | ||
| LOK | |0 040 |a DE-21 |c DE-627 |d DE-21 | ||
| LOK | |0 852 |a DE-21 | ||
| LOK | |0 852 1 |c KB 19 A 8246 |9 00 | ||
| LOK | |0 935 |a krim | ||
| LOK | |0 936ln |a k7.3.3.4 | ||
| LOK | |0 939 |a 15-08-00 |b l01 | ||
| ORI | |a SA-MARC-krimdoka001.raw | ||
| SIG | |a UB: KB 19 A 8246 | ||
